Psy… - Statistiques

Statistiques générales
  • Ce quiz a été pris 68 fois
  • Le résultat moyen est 6 sur 20
Statistiques - réponses
Définitions Réponses % Correct
Médecin spécialiste des maladies mentales psychiatre
77%
Discipline étudiant scientifiquement les comportements et phénomènes mentaux psychologie
74%
Procédé thérapeutique révélé par Freud pour accéder aux conflits inconscients psychanalyse
60%
Se dit d’une personne qui manque de souplesse et a du mal à s’adapter aux changements psychorigide
58%
Désigne un personnage des Métamorphoses ou un grand miroir ou encore l’ensemble des phénomènes psychiques psyché
49%
Spécialiste de la psychologie psychologue
49%
Maladie mentale se traduisant par une perte de contact avec la réalité et une désorganisation de la personnalité psychose
45%
Individu atteint d’un trouble de la personnalité caractérisé par des désordres émotionnels et des comportements antisociaux psychopathe
43%
23ème lettre de l’alphabet grec utilisée pour symboliser ce qui touche à la psy psi
38%
Produit agissant sur le système nerveux central psychotrope
32%
Traitement par des moyens psychologiques psychothérapie
21%
Verbe utilisé de manière familière pour signifier « avoir peur » psychoter
19%
Forme de thérapie utilisant la théâtralisation dramatique et permettant la mise en scène de sa problématique intérieure psychodrame
15%
Ensemble des processus et phénomènes psychiques psychisme
11%
Science étudiant l'ensemble des techniques de mesures pratiquées en psychologie, leur validation et leur élaboration psychométrie
11%
Provoqué par l’absorption de drogues hallucinogènes psychédélique
8%
Se dit de qqchose qui a une cause purement psychique psychogène
8%
Profession paramédicale soignant les difficultés psychiques exprimées au travers du corps psychomotricien
8%
Se dit d’un test utilisé en psychologie du travail pour la sélection et l'orientation professionnelle mesurant les aptitudes d’un individu psychotechnique
6%
Intervention psychologique visant à informer les patients et les proches sur les troubles et à promouvoir les capacités pour y faire face psychoéducation
0%
Aucun quiz correspondant
Distribution des résultats
% des personnes avec chaque résultat
Percentile par nombre de réponses
Votre historique - résultats
Vous n’avez pas pris ce quiz